| 000 | 00345nam a22001457a 4500 | ||
|---|---|---|---|
| 003 | OSt | ||
| 005 | 20160727222410.0 | ||
| 008 | 160624b xxu||||| |||| 00| 0 eng d | ||
| 040 | _cTest | ||
| 100 |
_9962 _aBlyton, G |
||
| 245 | _aSecond Bedtime Book | ||
| 260 |
_aLon _b Harper Collins Pub. _c1955 |
||
| 300 | _aSecond Bedtime Book | ||
| 942 |
_2ddc _cBK |
||
| 999 |
_c765 _d765 |
||